| 000 | 01408nam0a2200325 4500 | ||
|---|---|---|---|
| 001 | RU\NLR\bibl\1283114 | ||
| 005 | 20260409065601.0 | ||
| 010 |
_a978-5-17-023270-3 _bАСТ |
||
| 010 |
_a978-5-271-08514-7 _bАстрель |
||
| 010 |
_a978-5-9762-3005-7 _bХранитель |
||
| 010 |
_a978-985-16-2109-1 _bХарвест _93000 |
||
| 035 | _a(NLR Aleph) 001268861 | ||
| 090 |
_a426162 _c426162 |
||
| 100 | _a20080319d2007 |||y0rusy50 ca | ||
| 101 | 0 |
_arus _aeng |
|
| 102 | _aRU | ||
| 105 | _ay ||||||||| | ||
| 200 | 1 |
_aРусско-американский разговорник _dRussian-american english phrasebook _f[сост. Е.И. Лазарева _gпер. В.Н. Крупнов] _zeng |
|
| 210 |
_aМосква _cАСТ [и др.] _d2007 |
||
| 215 |
_a284,[1] с. _d14 |
||
| 606 | 1 |
_aРусский язык _xРазговорники _xАнглийский язык _91553823 _3RU\NLR\auth\66979615 |
|
| 606 |
_aАнглийский язык _xНациональные варианты _yСоединенные Штаты Америки _3RU\NLR\auth\6645287 _9970863 |
||
| 686 | _aШ141.12-498.1 | ||
| 686 | _aШ143.21-498.2 | ||
| 702 | 1 |
_4220 _8rus _7ca _aЛазарева _bЕ. И. _cканд. филол. наук _f1955- _gЕлена Ивановна _3RU\NLR\auth\7717205 _9295 |
|
| 801 | 0 |
_aRU _bNLR _c20080319 _gRCR |
|
| 801 | 1 |
_aRU _bNLR _c20080319 |
|
| 942 | _cBOOK | ||
| 980 | _aNB | ||